MARC

LEADER 00000nam0a2200000 4500
001 158835
005 20231101222050.0
035 |a (RuTPU)RU\TPU\book\172264 
090 |a 158835 
100 |a 20090428d2007 k y0rusy50 ca 
101 0 |a rus 
102 |a RU 
105 |a y l 000zy 
200 1 |a Методические рекомендации по расчету норм расхода буровых рукавов  |e информационный материал  |f Всероссийский научно-исследовательский институт организации, управления и экономики нефтегазовой промышленности (ОАО ВНИИОЭНГ) ; исполн. исслед. М. К. Кострикова , Е. Г. Цистан 
210 |a Москва  |c ВНИИОЭНГ  |d 2007 
215 |a 13 с. 
606 1 |a Рукава буровые  |2 stltpush  |3 (RuTPU)RU\TPU\subj\68760  |9 83922 
610 1 |a скважины 
610 1 |a бурение 
610 1 |a капитальный ремонт 
610 1 |a буровые рукава 
610 1 |a конструкции 
610 1 |a расход 
610 1 |a нормы 
610 1 |a расчет 
610 1 |a величины 
610 1 |a методические рекомендации 
610 1 |a информационные материалы 
675 |a 622.242.6  |v 3 
702 1 |a Кострикова  |b М. К.  |4 595 
702 1 |a Цистан  |b Е. Г.  |4 595 
712 0 2 |a Всероссийский научно-исследовательский институт организации, управления и экономики нефтегазовой промышленности (ОАО ВНИИОЭНГ)  |2 stltpush  |3 (RuTPU)RU\TPU\col\5641 
801 1 |a RU  |b 63413507  |c 20090428  |g PSBO 
801 2 |a RU  |b 63413507  |c 20091021  |g RCR 
942 |c BK 
959 |a 56/20090428  |d 1  |e 5000,00  |f ЧЗТЛ:1